00385nam a2200157Ia 4500008004100000020001800041082000800059100002400067245002900091250000600120260003100126300001800157500002400175650001400199700001400213230524s9999 xx 000 0 und d a9789384893651 bRAM aDr. S. Ramachandran 0aManufacturing Technology a1 aChennaibAirwalk Pubc2015 a"C.14,TM33p;" aQuantity Number: 1 aMechanics aR.Devaraj